Matthew : (Record no. 9672)

MARC details
000 -LEADER
fixed length control field 02287cam a2200397 i 4500
001 - CONTROL NUMBER
control field 830837405
003 - CONTROL NUMBER IDENTIFIER
control field OCoLC
005 - DATE AND TIME OF LATEST TRANSACTION
control field 20241126110716.0
008 - FIXED-LENGTH DATA ELEMENTS--GENERAL INFORMATION
fixed length control field 130320s2013 ilu b 001 0 eng
010 ## -
-- 2013002796
020 ## - INTERNATIONAL STANDARD BOOK NUMBER
International Standard Book Number 9781433503658
020 ## - INTERNATIONAL STANDARD BOOK NUMBER
International Standard Book Number 1433503654
035 ## - SYSTEM CONTROL NUMBER
System control number (OCoLC)830837405
040 ## - CATALOGING SOURCE
Original cataloging agency DLC
Language of cataloging eng
Description conventions rda
Transcribing agency DLC
Modifying agency YDXCP
-- BTCTA
-- BDX
-- UKMGB
-- OCLCF
-- HNW
-- OCLCQ
-- VLB
-- MZN
042 ## -
-- pcc
050 00 -
-- BS2575.53
-- .O36 2013
082 ## - DEWEY DECIMAL CLASSIFICATION NUMBER
Classification number 220.7
Item number PRE
090 ## - LOCALLY ASSIGNED LC-TYPE CALL NUMBER (OCLC); LOCAL CALL NUMBER (RLIN)
Classification number (OCLC) (R) ; Classification number, CALL (RLIN) (NR) BS2341.52
Local cutter number (OCLC) ; Book number/undivided call number, CALL (RLIN) .P74
100 1# - MAIN ENTRY--PERSONAL NAME
Personal name O'Donnell, Douglas Sean,
Dates associated with a name 1972-
9 (RLIN) 16816
245 10 - TITLE STATEMENT
Title Matthew :
Remainder of title all authority in heaven and on earth /
Statement of responsibility, etc. Douglas S. O'Donnell
264 #1 - PRODUCTION, PUBLICATION, DISTRIBUTION, MANUFACTURE, AND COPYRIGHT NOTICE
Place of production, publication, distribution, manufacture Wheaton, Illinois :
Name of producer, publisher, distributor, manufacturer Crossway,
Date of production, publication, distribution, manufacture, or copyright notice [2013]
300 ## - PHYSICAL DESCRIPTION
Extent 1086 pages ;
Dimensions 24 cm
336 ## - CONTENT TYPE
Content type term text
Content type code txt
Source rdacontent
337 ## - MEDIA TYPE
Media type term unmediated
Media type code n
Source rdamedia
338 ## - CARRIER TYPE
Carrier type term volume
Carrier type code nc
Source rdacarrier
490 1# - SERIES STATEMENT
Series statement Preaching the word
500 ## - GENERAL NOTE
General note Includes index
504 ## - BIBLIOGRAPHY, ETC. NOTE
Bibliography, etc. note Includes bibliographical references and index
520 ## - SUMMARY, ETC.
Summary, etc. Jesus is King. Standing as a central theme of the Gospel of Matthew, Jesus kingly authority has profound implications for our lives todaychanging the way we view the world, interact with others, and respond to blessings and hardships. In this reader-friendly commentary, seasoned pastor Doug ODonnell leads us through the first book of the New Testament, highlighting key themes and offering contemporary illustrations for preaching. Drawing on years of pastoral experience, ODonnell helps us to see how Matthews various emphasesincluding Jesus messianic titles, fulfillment of Old Testament prophecy, teaching on the kingdom of heaven, and present and future role as judgeall relate to Christ's kingship over all of creation. Full of biblical insights aimed at both pastors and laypeople, this volume ultimately highlights Matthews call to all people to worship and obey Jesus, our humble King and gracious Savior
630 00 - SUBJECT ADDED ENTRY--UNIFORM TITLE
Uniform title Bible.
Name of part/section of a work Matthew
Form subdivision Commentaries
9 (RLIN) 8392
630 00 - SUBJECT ADDED ENTRY--UNIFORM TITLE
Uniform title Bible.
Name of part/section of a work Matthew
General subdivision Homiletical use
9 (RLIN) 16817
700 1# - ADDED ENTRY--PERSONAL NAME
Personal name Hughes, R. Kent,
Dates associated with a name 1942-,
Relator term editor
9 (RLIN) 917
776 08 - ADDITIONAL PHYSICAL FORM ENTRY
Relationship information Online version:
Main entry heading O'Donnell, Douglas Sean, 1972-
Title Matthew.
Place, publisher, and date of publication Wheaton, Illinois : Crossway, 2013
International Standard Book Number 9781433539640
Record control number (DLC) 2013011742
830 #0 -
-- Preaching the word
-- 16818
942 ## - ADDED ENTRY ELEMENTS (KOHA)
Source of classification or shelving scheme Dewey Decimal Classification
Koha item type Reference Books
Holdings
Withdrawn status Lost status Source of classification or shelving scheme Damaged status Not for loan Home library Current Library Shelving location Date acquired Total checkouts Full call number Barcode Date last seen Copy number Price effective from Koha item type
    Dewey Decimal Classification     GRACE BIBLE COLLEGE GRACE BIBLE COLLEGE Commentary 2023-04-19   220.7 PRE 016232 2025-05-01 v.19 2023-04-19 Reference Books
© Grace Bible College Library 2025